LEADER 01155nam0 2200313 i 450 001 TO01597922 005 20251003044412.0 010 $a8861050069 010 $a9788861050068 100 $a20240313d2007 ||||0itac50 ba 101 | $aita 102 $ait 181 1$6z01$ai $bxxxe 182 1$6z01$an 183 1$6z01$anc$2RDAcarrier 200 1 $aCostituzione e bilancio$el'articolo 81 della Costituzione tra interpretazione, attuazione e aggiramento$fNicola Lupo 210 $aRoma$cLUISS university press$d2007 215 $a165 p.$d24 cm. 606 $aBilancio statale$2FIR$3CFIC020501$9I 676 $a343.45034$9DIRITTO FINANZIARIO. BILANCIO PUBBLICO E SPASA PUBBLICA. ITALIA$v21 700 1$aLupo$b, Nicola$f <1968- >$3RMGV008878$4070$01358489 801 3$aIT$bIT-000000$c20240313 850 $aIT-BN0095 901 $bNAP 01$cD $n$ 912 $aTO01597922 950 0$aBiblioteca Centralizzata di Ateneo$d 01D (C) 21 599$e 01C 0800215995 VMA 1 v.$fY $h20121016$i20121016 977 $a 01 996 $aCostituzione e bilancio$93368624 997 $aUNISANNIO LEADER 02430oam 2200481 c 450 001 9910647301003321 005 20260302090207.0 010 $a3-7815-5456-2 024 3 $a9783781554566 035 $a(CKB)4910000000015905 035 $a(Verlag Julius Klinkhardt)9783781554566 035 $a(EXLCZ)994910000000015905 100 $a20260302d2016 uy 0 101 0 $ager 135 $aurnnunnnannuu 181 $ctxt$2rdacontent 182 $cc$2rdamedia 183 $acr$2rdacarrier 200 00$aLernwerkstätten an Hochschulen$eOrte einer inklusiven Pädagogik$fCorinna Schmude, Hartmut Wedekind 205 $a1st ed. 210 $aBad Heilbrunn$cVerlag Julius Klinkhardt$d2016 215 $a1 online resource (204 p.)$c, KART 225 0 $aLernen und Studieren in Lernwerkstätten 311 08$a3-7815-2066-8 330 $aIm zweiten Band der Reihe ?Lernen und Studieren in Lernwerkstätten? wird diskutiert, wie Inklusion im Kontext von Lernwerkstätten und Lernwerkstattarbeit thematisiert, problematisiert und vor allem realisiert werden kann. Nach einer theoretischen Einbettung des Inklusionsbegriffs in den Kontext von Lernwerkstattarbeit und der Beschreibung möglicher Potenzen, die Lernwerkstätten an Hochschulen für eine inklusionsorientierte (Aus)-Bildung von zukünftigen Pädagog*innen besitzen, wird die Lernwerkstattarbeit als inklusives hochschuldidaktisches Konzept gerahmt. Im dritten Kapitel des Bandes werden Ergebnisse aus der Erprobung und Erforschung inklusiver Didaktik im Kontext von Hochschullernwerkstätten vorgestellt. Aus unterschiedlichen Perspektiven entsteht so ein facettenreiches Bild von Lernwerkstätten in Hochschulen als Räume inklusiver Pädagogik, in denen Vielfalt willkommen ist und die Balance der Wertschätzung von Individualität und Gemeinschaftsbezug gelebt werden kann. 606 $aInklusive Pädagogik 606 $aLernwerkstatt 606 $aInklusion 606 $aVielfalt 606 $aHochschuldidaktik 615 4$aInklusive Pädagogik 615 4$aLernwerkstatt 615 4$aInklusion 615 4$aVielfalt 615 4$aHochschuldidaktik 702 $aSchmude$b Corinna$4edt 702 $aWedekind$b Hartmut$4edt 801 0$bVerlag Julius Klinkhardt 801 1$bVerlag Julius Klinkhardt 906 $aBOOK 912 $a9910647301003321 996 $aLernwerksta?tten an Hochschulen$93009646 997 $aUNINA